| 000 | 01074cam a2200301 i 4500 | ||
|---|---|---|---|
| 942 | _cBK | ||
| 999 |
_c544 _d544 |
||
| 001 | 18604837 | ||
| 003 | OSt | ||
| 005 | 20250420134815.0 | ||
| 008 | 150505s2016 maua 001 0 eng | ||
| 010 | _a 2015940474 | ||
| 020 | _a9781285860114 | ||
| 040 |
_aDLC _beng _cKCST |
||
| 042 | _apcc | ||
| 050 | 0 | 0 |
_aQA76.73.C15 _bZ35 2016 |
| 082 | 0 | 4 |
_a005.133 _222 _bZa In |
| 100 | 1 |
_aZak, Diane, _eauthor. _94877 |
|
| 245 | 1 | 3 |
_aAn introduction to programming with C++ / _cDiane Zak. |
| 250 | _a8th edition. | ||
| 260 |
_aBoston, MA : _bCengage Learning, _c2016. |
||
| 300 |
_axviii, 609 pages : _billustrations (some color) ; _c28 cm |
||
| 500 | _aIncludes index. | ||
| 650 | 0 |
_aC++ (Computer program language) _9162 |
|
| 856 | 4 | 2 |
_3Contributor biographical information _uhttps://www.loc.gov/catdir/enhancements/fy1614/2015940474-b.html |
| 856 | 4 | 2 |
_3Publisher description _uhttps://www.loc.gov/catdir/enhancements/fy1614/2015940474-d.html |
| 856 | 4 | 1 |
_3Table of contents only _uhttps://www.loc.gov/catdir/enhancements/fy1614/2015940474-t.html |
| 942 | _2ddc | ||